000 00518nam a2200169 a 4500
020 _a9697042093 (hb)
082 _a321.023
_bMEH
_cN-01,P23
100 1 _aMehrunnisa Ali.
_937700
245 1 _aPolitics of Federalism in Pakistan.
260 _aKarachi:
_bRoyal Book Company,
_c1996.
300 _a170p. : 22cm.
526 _a0
_b0
_c0
_d321_023000000000000_MEH
650 0 _aFederal Governments -- Pakistan.
_937701
650 0 _aNUST
_96342
650 0 _aPakistan -- Politics and Government.
_937702
942 _2ddc
_cBK
999 _c542519
_d542519